In the footsteps of Jesus / (Record no. 21165)

MARC details
000 -LEADER
fixed length control field 01248pam a2200349 a 4500
001 - CONTROL NUMBER
control field 4015793
003 - CONTROL NUMBER IDENTIFIER
control field OSt
005 - DATE AND TIME OF LATEST TRANSACTION
control field 20260129162705.0
008 - FIXED-LENGTH DATA ELEMENTS--GENERAL INFORMATION
fixed length control field 970429s1997 orua b 000 0aeng
010 ## - LIBRARY OF CONGRESS CONTROL NUMBER
LC control number 97015530
020 ## - INTERNATIONAL STANDARD BOOK NUMBER
International Standard Book Number 1565078578
020 ## - INTERNATIONAL STANDARD BOOK NUMBER
International Standard Book Number 9781565078574
035 ## - SYSTEM CONTROL NUMBER
System control number 4015793
040 ## - CATALOGING SOURCE
Original cataloging agency DLC
Transcribing agency DLC
Modifying agency DLC
050 00 - LIBRARY OF CONGRESS CALL NUMBER
Classification number BR1725.M31
Item number A3 1997
082 00 - DEWEY DECIMAL CLASSIFICATION NUMBER
Classification number 277.3/0825/092
-- B
Edition number 21
100 1# - MAIN ENTRY--PERSONAL NAME
Personal name Marchiano, Bruce.
245 10 - TITLE STATEMENT
Title In the footsteps of Jesus /
Statement of responsibility, etc. Bruce Marchiano.
260 ## - PUBLICATION, DISTRIBUTION, ETC. (IMPRINT)
Place of publication, distribution, etc. Eugene, Or. :
Name of publisher, distributor, etc. Harvest House Publishers ;
Place of publication, distribution, etc. Dallax, Tex. :
Name of publisher, distributor, etc. Visual Entertainment,
Date of publication, distribution, etc. c1997.
300 ## - PHYSICAL DESCRIPTION
Extent xii, 218 p. :
Other physical details ill. (some col.) ;
Dimensions 23 cm.
336 ## - CONTENT TYPE
Content type term text
Content type code txt
Source rdacontent
337 ## - MEDIA TYPE
Media type term unmediated
Media type code n
Source rdamedia
338 ## - CARRIER TYPE
Carrier type term volume
Carrier type code nc
Source rdacarrier
504 ## - BIBLIOGRAPHY, ETC. NOTE
Bibliography, etc Includes bibliographical references.
600 10 - SUBJECT ADDED ENTRY--PERSONAL NAME
Personal name Marchiano, Bruce.
650 #0 - SUBJECT ADDED ENTRY--TOPICAL TERM
Topical term or geographic name as entry element Christian biography.
856 42 - ELECTRONIC LOCATION AND ACCESS
Materials specified Publisher description
Uniform Resource Identifier <a href="http://www.loc.gov/catdir/enhancements/fy1002/97015530-d.html">http://www.loc.gov/catdir/enhancements/fy1002/97015530-d.html</a>
906 ## - LOCAL DATA ELEMENT F, LDF (RLIN)
a 7
b cbc
c orignew
d 1
e ocip
f 19
g y-gencatlg
942 ## - ADDED ENTRY ELEMENTS (KOHA)
Source of classification or shelving scheme Library of Congress Classification
Koha item type General Collection
Holdings
Withdrawn status Lost status Source of classification or shelving scheme Not for loan Home library Current library Shelving location Date acquired Source of acquisition Inventory number Total Checkouts Full call number Barcode Date last seen Copy number Price effective from Koha item type
    Library of Congress Classification   Kabarak, Main Campus Kabarak, Main Campus General Stacks 29/01/2026 Donation 2025/3033   BR1725.M31 A3 1997 C.1 38959 29/01/2026 C.1 29/01/2026 General Collection
Designed with assistance from East African Informatics Ltd